000 00342 a2200157 4500
001 68154
020 _a9788576766728
040 _cAnchieta - Pituba
100 _aMelis, Alberto
240 1 0 _aO unicórnio mágico
_lpor
245 1 0 _aO unicórnio mágico
300 _a169
362 0 _a2011
650 4 _aLiteratura juvenil
942 _cBK
999 _c68154
_d68154